000 00443pab a2200169 454500
008 180718b2012 xxu||||| |||| 00| 0 eng d
100 _aBhattacharya, Niloshree
245 _aSocial movements, 'popular' spaces and participation: A review
260 _c2012
300 _ap.299-319.
362 _aMay-Aug
650 _aSocial movements
700 _aJairath, Vinod K.
773 _aSociological Bulletin
908 _aN
909 _a97788
999 _c97787
_d97787